| 000 | 00775nam a2200253Ia 4500 | ||
|---|---|---|---|
| 003 | OSt | ||
| 005 | 20220925225525.0 | ||
| 006 | a|||||r|||| 00| 0 | ||
| 007 | ta | ||
| 008 | 220923b |||||||| |||| 00| 0 eng d | ||
| 020 | _a080390889X | ||
| 037 | _cGeneral Book | ||
| 040 |
_aRTL _cRTL _beng |
||
| 041 |
_2eng _aeng |
||
| 082 | _aNB,3.30m73.N7, L7 | ||
| 100 |
_aCorden Carol _9292611 |
||
| 245 | 0 |
_aPlanned cities _b New Towns in Britain and America |
|
| 260 |
_aLondon _bSage Publications UK _c1977 |
||
| 300 |
_a221p. Bibliography P 215-20, Appendix P 203-13 _ccm. |
||
| 490 | _aSage Library of Social Research, 55. | ||
| 650 |
_aFine Arts _934717 |
||
| 942 |
_hNB,3.30m73.N7, L7 _cGB _2CC |
||
| 999 |
_c583751 _d583751 |
||